| 000 | 01261cam a2200373 a 4500 | ||
|---|---|---|---|
| 001 | 21294 | ||
| 003 | VRT | ||
| 005 | 20260226111046.0 | ||
| 008 | 240313s2016 xo g 000 f slo | ||
| 015 | _aSNBA2017/08 | ||
| 020 |
_a9788081146596 _q(brož.) |
||
| 035 | _aurn:nbn:sk:snk-am00djmd | ||
| 035 | _aurn:nbn:sk:snk-am3i4c8 | ||
| 035 | _a5CAF2308-9BFE-4F4F-9FCA-49748BEF40A7 | ||
| 039 | 9 |
_a202511041719 _bcsnk01 _c202403131739 _dVLOAD _c202004020941 _dVLOAD _c201708111128 _dmsnk24 |
|
| 040 |
_aSNK _bslo _cSNK _eAACR2 |
||
| 041 | 0 | _aslo | |
| 044 |
_axo _cSK |
||
| 072 | 7 |
_a821.162.4-3 _xSlovenská próza _2konspekt |
|
| 080 |
_a821.162.4-31 _22011 |
||
| 100 | 1 |
_aRynke, Alica, _d1961- _4aut |
|
| 245 | 1 | 0 |
_aNa hrane _cAlica Rynke |
| 250 | _a1. vyd. | ||
| 260 |
_aBratislava _bMarenčin PT _c2016 |
||
| 300 |
_a302 s. _c17 cm |
||
| 655 | 7 |
_aslovenské romány _2SNKPH |
|
| 655 | 7 |
_aSlovak fiction _2SNKPHeng |
|
| 942 |
_2ddc _cKLDO _n0 |
||
| 949 |
_6273K0614266 _asvkpoA 233048 _bsvkpo608488 |
||
| 949 |
_6270001000533983 _asvkbbA 149765 _bsvkbbm 766366 |
||
| 949 |
_617A1270893 _asnkSD 86447 D1 _bsnk2017/19043 _o271/2017 |
||
| 949 |
_62889326327 _asavukPV 24038 _bsavuk2017/2043 |
||
| 949 |
_617A1134130 _asnkSD 86447 _bsnk2017/16861 _o271/2017 _s6100:20170816 |
||
| 999 |
_c21294 _d21294 |
||